| 000 | 00425nam a2200157 4500 | ||
|---|---|---|---|
| 001 | 143211 | ||
| 003 | ES-MaACL | ||
| 005 | 20230906200743.0 | ||
| 007 | t| | ||
| 008 | 070214s1972 sp r ||||1| spa d | ||
| 100 | 1 |
_aSerrano, Vicente. _9105723 |
|
| 245 | 1 | 0 |
_aTierra de exilio / _cVicente Serrano. |
| 260 |
_aMadrid : _bRialp, _c1972 ( _fTordesillas) |
||
| 300 |
_a167 p. ; _c19 cm. |
||
| 852 |
_aES-MaACL _jC-51367 _bR.83975 |
||
| 999 |
_c143211 _d143211 |
||